A magyar pfennig értékéhez
Elmentve itt :
| Szerző: | |
|---|---|
| Dokumentumtípus: | Cikk |
| Megjelent: |
1901
|
| Sorozat: | Magyar gazdaságtörténelmi szemle
8 |
| Kulcsszavak: | Közgazdaságtudomány, Magyarország történelme, Gazdaságtörténet |
| Online Access: | http://misc.bibl.u-szeged.hu/655 |
| LEADER | 00607nab a2200169 i 4500 | ||
|---|---|---|---|
| 001 | misc655 | ||
| 005 | 20191106144059.0 | ||
| 008 | 170607s1901 hu o 0|| hun d | ||
| 040 | |a SZTE Miscellanea Repozitórium |b hun | ||
| 041 | |a hun | ||
| 100 | 1 | |a Kemény Lajos | |
| 245 | 1 | 2 | |a A magyar pfennig értékéhez |h [elektronikus dokumentum] / |c Kemény Lajos |
| 260 | |c 1901 | ||
| 300 | |a 320 | ||
| 490 | 0 | |a Magyar gazdaságtörténelmi szemle |v 8 | |
| 695 | |a Közgazdaságtudomány, Magyarország történelme, Gazdaságtörténet | ||
| 856 | 4 | 0 | |u http://misc.bibl.u-szeged.hu/655/1/gazd_tort_szeml_1901_320.pdf |z Dokumentum-elérés |